ا قبا ل کی عصر ی معنو یت / (Record no. 76056)

MARC details
000 -LEADER
fixed length control field 00770nam a22002177a 4500
005 - DATE AND TIME OF LATEST TRANSACTION
control field 20130524115021.0
008 - FIXED-LENGTH DATA ELEMENTS--GENERAL INFORMATION
fixed length control field 090109t xxu||||| |||| 00| 0urd d
010 ## - LCCN (DPL NO)
LC control number UR-8405
020 ## - INTERNATIONAL STANDARD BOOK NUMBER
Terms of availability 300.00
International Standard Book Number 8182236745
035 ## - SYSTEM CONTROL NUMBER
System control number U-6960
037 ## - SOURCE OF ACQUISITION
Source of stock number/acquisition DBAD/PUB
040 ## - CATALOGING SOURCE
Original cataloging agency DPL
Language of cataloging urdu
082 ## - DEWEY DECIMAL CLASSIFICATION NUMBER
Classification number 921
245 ## - TITLE STATEMENT
Title ا قبا ل کی عصر ی معنو یت /
Statement of responsibility, etc مر تب : مشتا ق ا حمد
246 ## - VARYING FORM OF TITLE
Title proper/short title Iqbal ki asri manwiyat
Remainder of title by Mushtaque Ahmed
260 ## - PUBLICATION, DISTRIBUTION, ETC. (IMPRINT)
Place of publication, distribution, etc د ہلی
Name of publisher, distributor, etc ا یجو کیشنل پبلشنگ ہا ؤ س
Date of publication, distribution, etc 2010
270 ## - ADDRESS
Address 3108, Gali Vakil, Kucha Pandit, Lal Kuan
City Delhi
Postal code 110006
Telephone number 011-23216162
Electronic mail address info@ephbooks.com
300 ## - PHYSICAL DESCRIPTION
Extent 432 ص
Dimensions 22 (Hb)
700 ## - ADDED ENTRY--PERSONAL NAME
9 (RLIN) 55153
Dates associated with a name مشتا ق ا حمد
942 ## - ADDED ENTRY ELEMENTS (KOHA)
Source of classification or shelving scheme Dewey Decimal Classification
Item type Urdu Bks
Classification part 921
Call number suffix ا ق ب
Holdings
Withdrawn status Lost status Source of classification or shelving scheme Damaged status Not for loan Collection code Home library Current library Date acquired Source of acquisition Cost, normal purchase price Total Checkouts Full call number Barcode Date last seen Copy number Cost, replacement price Koha item type
    Dewey Decimal Classification     Non-fiction D.B.Act.Division D.B.Act.Division 24/05/2013 DBAD/PUB 300.00   921 ا ق ب U-6960 24/05/2013 1 300.00 Urdu Bks

© Delhi Public Library
Hit Counter
free hit counter